Statistics for Taylor Swift Boyfriends by Picture

Click here to take the quiz!

General Stats

  • This quiz has been taken 14,490 times
    (14,351 since last reset)
  • The average score is 7 of 12

Answer Stats

Answer% Correct
Harry Styles
95%
Joe Jonas
85%
Jake Gyllenhaal
81%
Travis Kelce
80%
Taylor Lautner
78%
John Mayer
70%
Tom Hiddleston
70%
Calvin Harris
56%
Joe Alwyn
54%
Cory Monteith
28%
Conor Kennedy
23%
Lucas Till
20%

Score Distribution

Percentile by Number Answered

Percent of People with Each Score

Your Score History

You have not taken this quiz since the last reset